Etica en la dirección de empresas
Збережено в:
| Автор: | |
|---|---|
| Формат: | Книга |
| Мова: | Іспанська |
| Опубліковано: |
Barcelona
Folio
1997
|
| Серія: | Biblioteca IESE de Gestión de Empresas
|
| Предмети: | |
| Теги: |
Додати тег
Немає тегів, Будьте першим, хто поставить тег для цього запису!
|
MARC
| LEADER | 00000nam a2200000 a 4500 | ||
|---|---|---|---|
| 001 | UCP6093 | ||
| 003 | CL-VaPUC | ||
| 008 | 991008e19970000SP |||||||||||||||||spa|d | ||
| 082 | 0 | 4 | |a 658.4 |b MEL |2 21 |
| 100 | |a Melé Carné, Domènec |e autor |9 488839 | ||
| 245 | 1 | 0 | |a Etica en la dirección de empresas |
| 300 | |a 139 p | ||
| 942 | |c BK | ||
| 945 | |d 19991008 00:00:00 |a rbrito | ||
| 260 | |a Barcelona |b Folio |c 1997 | ||
| 650 | 0 | |a Dirección de empresas |9 395192 | |
| 650 | 7 | |a ETICA DIRIGENCIAL |2 CL-VaPUC |9 434925 | |
| 650 | 7 | |a GERENTES |2 CL-VaPUC |9 341797 | |
| 650 | 0 | |a Toma de decisiones |9 257530 | |
| 583 | |a last modification |c 19991008 00:00:00 |k Rodrigo Vera | ||
| 490 | 0 | |a Biblioteca IESE de Gestión de Empresas | |
| 999 | |c 283717 |d 283715 | ||
| 952 | |0 0 |1 0 |4 0 |6 658_400000000000000_MEL_1997 |7 0 |8 A |9 327127 |a BIBENE |b BIBENE |d 2019-11-20 |i 3567478 |o 658.4 MEL 1997 |p 3567478 |r 2025-01-15 |w 2019-11-20 |y BK |k ICO | ||
| 952 | |0 0 |1 0 |4 0 |6 658_400000000000000_MEL_1997 |7 0 |8 A |9 327128 |a BIBENE |b BIBENE |d 2019-11-20 |i 3567486 |o 658.4 MEL 1997 |p 3567486 |r 2025-01-15 |w 2019-11-20 |y BK |k ICO | ||